| 000 | 00957 a2200193 4500 | ||
|---|---|---|---|
| 003 | Nust | ||
| 005 | 20220725175324.0 | ||
| 020 | _a9781782166788 | ||
| 040 | _cNust | ||
| 082 | _a005.8,AGA | ||
| 100 |
_a Agarwal.Monika _995040 |
||
| 245 |
_aMetasploit Penetration Testing Cookbook _cMonika Agarwal. Abhinav Singh |
||
| 250 | _a2nd Edition | ||
| 260 |
_aMumbai _bpackt publishing _c2013 |
||
| 300 | _aiv; 306,p | ||
| 505 | _aMetasploit quick tips for security professionals (Page-7), Information gathering and scanning (Page- 31), Operating-system-based vulnerability assessment (Page-71), Client-side exploitation and antivirus bypass (Page-95), Working with modules for penetration testing (Page-121), Exploring exploits(page 143), Volp penetration testing (Page 163), Wireless network penetration testing (Page-181), Social engineer toolkit (Page-209), Working with meterpreter (Page-227). | ||
| 650 |
_aTesting Cookbook _995041 |
||
| 942 |
_cREF _2ddc |
||
| 999 |
_c214826 _d214826 |
||